000 00417nam a2200157Ia 4500
003 IQ-KOUCL
041 _aKurdish
082 _a891,1 cut-525 س
100 _a20260118u\\\\\\\\\\\y0engy0103\\\\ba
100 _aمحمد ڕەزا سماقوڵى
245 0 _aهاوار شيعر
250 _aچ1
260 _bجابخانە ى حمدى
_aالسليمانية - العراق
_c2021
300 _a89
942 _cBk
999 _c186453
_d186453